Score 0/30 Timer 05:00
1 Play Today
% Correct
frighten
94.9%
ferryman
94.4%
fashion
94.3%
felon
94.1%
falcon
94%
foreseen
93.8%
fawn
93.8%
fun
93.7%
fin
93.5%
foghorn
93.3%
fasten
93.3%
foreign
93.1%
frustration
93.1%
fan
93%
frown
93%
% Correct
fountain
92.8%
flirtation
92.7%
fade-in
92.6%
fermentation
92.5%
foundation
92.5%
flotation
92.3%
familiarization
92.3%
fraction
92.3%
flan
91.9%
fumigation
91.7%
floodplain
91.7%
fluctuation
91.6%
fiction
91%
futon
90.8%
friction
90.6%
Remove Ads.
Support Sporcle.
Get the best of Sporcle when you Go Orange. This ad-free experience offers more features, more stats, and more fun while also helping to support Sporcle. Thank you for becoming a member.

You're not logged in!

Compare scores with friends on all Sporcle quizzes.
OR
Log In

Show Comments

Extras

Top Quizzes Today


Score Distribution

Your Account Isn't Verified!

In order to create a playlist on Sporcle, you need to verify the email address you used during registration. Go to your Sporcle Settings to finish the process.

Report this User

Report this user for behavior that violates our Community Guidelines.

Details: